| 000 | 00608 a2200229 4500 | ||
|---|---|---|---|
| 005 | 20260121102852.0 | ||
| 008 | 260120b |||||||| |||| 00| 0 eng d | ||
| 020 |
_a9788172331535 _cRs. 3550.00 |
||
| 040 | _aMAIN | ||
| 082 |
_a660.6024576 _bR246M |
||
| 100 | _aReddy, S M, ed. | ||
| 245 | _aMicrobial biotechnology | ||
| 260 |
_bScientific Publishers _c2024 _aJodhpur |
||
| 300 | _axxviii, 257 | ||
| 650 | _aMicrobial | ||
| 650 | _aBiotechnology | ||
| 650 | _aBioinoculauts | ||
| 700 | _aSrivastava, H P, ed. | ||
| 700 | _aPurohit, D K, ed. | ||
| 700 | _aReddy, S Ram, ed. | ||
| 942 | _cBK | ||
| 999 |
_c395728 _d395728 |
||